[Event "Sampa Chess Open - Local Piso Superior (ao lado da Renner) às 19h00"]
[Site "Shopping Metrô Tatuapé - Rua Domingos Agostim, 91, São Paulo/SP 03306-010"]
[Date "2024.01.30"]
[Round "2"]
[Board "20"]
[White "Cordero, Daniela"]
[Black "Aragao Neto, Joao Batista"]
[Result "1-0"]
[WhiteElo "2028"]
[BlackElo "1585"]
[PlyCount "0"]
[EventDate "2024.01.29"]
[EventRounds "9"]
[EventCountry "BRA"]

1. d4 Nf6 2. Nf3 g6 3. c4 Bg7 4. g3 d6 5. Bg2 O-O 6. O-O c6 7. Nc3 Nbd7 8. e4 e5
9. h3 a5 10. b3 Re8 11. Be3 exd4 12. Nxd4 Nc5 13. Qc2 Qe7 14. Rfe1 Nfd7 15. Rad1
Nf8 16. f4 Nfe6 17. Nde2 Bd7 18. Bf2 Rad8 19. Bf3 Na6 20. Bb6 Rb8 21. Nb1 a4 22.
b4 Rec8 23. Qxa4 c5 24. b5 Nac7 25. Qc2 Nd4 26. Nxd4 Bxd4+ 27. Kh2 h5 28. Rxd4 cxd4
29. Bxd4 Nxb5 30. Ba1 Be6 31. Qb2 f6 32. cxb5 Kf7 33. f5 Bc4 34. fxg6+ Kxg6 35. Nc3
Be6 36. Rf1 Rf8  1-0

[Event "Sampa Chess Open - Local Piso Superior (ao lado da Renner) às 19h00"]
[Site "Shopping Metrô Tatuapé - Rua Domingos Agostim, 91, São Paulo/SP 03306-010"]
[Date "2024.01.30"]
[Round "2"]
[Board "21"]
[White "Mattos, Bernardo Cunha"]
[Black "Carvalho Jr, Celestino"]
[Result "0-1"]
[WhiteElo "1567"]
[BlackElo "1939"]
[PlyCount "0"]
[EventDate "2024.01.29"]
[EventRounds "9"]
[EventCountry "BRA"]

1. c4 e5 2. Nc3 Nf6 3. Nf3 d6 4. d4 exd4 5. Nxd4 g6 6. g3 Bg7 7. Bg2 O-O 8. O-O Nbd7
9. b3 Nc5 10. Bb2 a5 11. Re1 Re8 12. Qd2 Bg4 13. h3 Bd7 14. Rad1 Nfe4 15. Nxe4 Nxe4
16. Qd3 Nc5 17. Qd2 Qc8 18. Kh2 h5 19. e4 Qd8 20. Bc3 Ne6 21. Nxe6 Bxe6 22. Bb2 a4
23. Bxg7 Kxg7 24. b4 Qf6 25. e5 dxe5 26. Bxb7 Rab8 27. Bd5 Bxd5 28. cxd5 Rb6 29.
a3 h4  0-1

[Event "Sampa Chess Open - Local Piso Superior (ao lado da Renner) às 19h00"]
[Site "Shopping Metrô Tatuapé - Rua Domingos Agostim, 91, São Paulo/SP 03306-010"]
[Date "2024.01.30"]
[Round "2"]
[Board "22"]
[White "De Brito E Silva, William"]
[Black "Cristino, Felipe Borges"]
[Result "0-1"]
[WhiteElo "1549"]
[BlackElo "1890"]
[PlyCount "0"]
[EventDate "2024.01.29"]
[EventRounds "9"]
[EventCountry "BRA"]

1. e4 c5 2. Nf3 Nc6 3. d4 cxd4 4. Nxd4 g6 5. Nc3 Bg7 6. Be3 Nf6 7. Bc4 O-O 8. f3
Qb6 9. Qd2 Nxe4 10. Nxe4 Bxd4 11. Bxd4 Qxd4 12. Qxd4 Nxd4 13. O-O-O Nc6 14. Rhe1
b6 15. c3 d6 16. Nd2 Ne5 17. Be2 a6 18. Nc4 Nxc4 19. Bxc4 b5 20. Bd5 Ra7 21. b3 e6
22. Be4 d5 23. Bc2 Rc7 24. Kb2 Bb7 25. Rd2 Rfc8 26. Re3 Kg7 27. h4 h5 28. g4 hxg4
29. fxg4 Rh8 30. Rh2 Rd7 31. Re5 d4 32. h5 Bf3 33. Rg5 Kf6 34. Rc5 Bxg4 35. Rf2+
Bf5 36. hxg6 fxg6 37. Rc6 d3 38. Bd1 Rh1 39. Kc1 g5 40. Kd2 Rdh7 41. Rxa6 R7h2 42.
Rxh2 Rxh2+ 43. Ke3 g4 44. Rd6 Rxa2 45. Rd4 Rg2 46. c4 Ke5 47. Rd8 bxc4 48. bxc4 Rg1
49. Kd2 Kf4 50. c5 e5  0-1

[Event "Sampa Chess Open - Local Piso Superior (ao lado da Renner) às 19h00"]
[Site "Shopping Metrô Tatuapé - Rua Domingos Agostim, 91, São Paulo/SP 03306-010"]
[Date "2024.01.30"]
[Round "2"]
[Board "23"]
[White "Santos, Isaque Goncalves"]
[Black "Matiuci, Bernardo Steinle"]
[Result "1-0"]
[WhiteElo "1996"]
[BlackElo "1546"]
[PlyCount "0"]
[EventDate "2024.01.29"]
[EventRounds "9"]
[EventCountry "BRA"]

1. d4 Nf6 2. c4 e6 (2... c6) 3. Nc3 Bb4 4. a3 Bxc3+ 5. bxc3 O-O 6. Qc2 d5 7. e3 b6
8. cxd5 exd5 9. Nf3 Nbd7 10. Bd3 Bb7 11. a4 c5 12. a5 c4 13. Bf5 b5 14. Qb1 a6 15.
Ba3 Re8 16. Bb4 Nb8 17. Ne5 Nc6 18. Nxc6 Bxc6 19. O-O Bd7 20. Bc2 Rc8 21. Qb2 Rc6
22. Rac1 Ne4 23. f3 Qh4 24. Bxe4 dxe4 25. Qf2 Qh5 26. fxe4 Rf6 27. Qg3 Rg6 28. Qc7
Qg4 29. g3 Rxe4 30. Rf4 Rc6 31. Rxg4  1-0

[Event "Sampa Chess Open - Local Piso Superior (ao lado da Renner) às 19h00"]
[Site "Shopping Metrô Tatuapé - Rua Domingos Agostim, 91, São Paulo/SP 03306-010"]
[Date "2024.01.30"]
[Round "2"]
[Board "24"]
[White "Dos Santos, Felipe Zeuli Biller"]
[Black "Correa, Joao Pedro Vieira"]
[Result "0-1"]
[WhiteElo "1538"]
[BlackElo "1864"]
[PlyCount "0"]
[EventDate "2024.01.29"]
[EventRounds "9"]
[EventCountry "BRA"]

1. c4 e5 2. Nc3 Nc6 3. g3 g6 4. Bg2 Bg7 5. d3 d6 6. e4 Nge7 7. Nge2 O-O 8. O-O Be6
9. h3 Qd7 10. Kh2 Nd4 11. f4 c6 12. Be3 a6 13. Na4 Qd8 14. c5 dxc5 15. Nxc5 Bc8 16.
fxe5 Bxe5 17. Qd2 Nxe2 18. Qxe2 Qd6 19. Bf2 Bxg3+ 20. Bxg3 Qxc5 21. Bh4 f6 22. e5
fxe5 23. Rxf8+ Kxf8 24. d4 Qxd4 25. Rd1 Qxh4 26. Qxe5 Bf5 27. Rd4 Qh6 28. Qf6+ Ke8
29. Rh4 Qf8 30. Qe5 h5 31. Rd4 Kf7 32. Rd6 Qh8 33. Qe2 b5 34. a4 Rd8 35. Qd1 Qe5+
 0-1

[Event "Sampa Chess Open - Local Piso Superior (ao lado da Renner) às 19h00"]
[Site "Shopping Metrô Tatuapé - Rua Domingos Agostim, 91, São Paulo/SP 03306-010"]
[Date "2024.01.30"]
[Round "2"]
[Board "25"]
[White "Simeao, Miguel Roberto Ranieri"]
[Black "Barberi, Catarina"]
[Result "1-0"]
[WhiteElo "1962"]
[BlackElo "1524"]
[PlyCount "0"]
[EventDate "2024.01.29"]
[EventRounds "9"]
[EventCountry "BRA"]

1. c4 e6 2. Nf3 Nf6 3. Nc3 d5 4. e3 Be7 5. b3 b6 6. Bb2 O-O 7. d4 Bb7 8. Bd3 Nbd7
9. O-O c5 10. Bc2 Rc8 11. Ne5 cxd4 12. exd4 dxc4 13. Nxc4 Nd5 14. Qd3 N7f6 15. Nxd5
Bxd5 16. f3 g6 17. Ne5 Bb7 18. a3 Qc7 19. Rac1 Rfd8 20. Qe2 Nd5 21. Bxg6 Qb8 22.
Bxf7+ Kg7 23. Qf2 Bf6 24. Qg3+ Kf8 25. Bxe6 Rxc1 26. Rxc1 Bxe5 27. Qg8+  1-0

[Event "Sampa Chess Open - Local Piso Superior (ao lado da Renner) às 19h00"]
[Site "Shopping Metrô Tatuapé - Rua Domingos Agostim, 91, São Paulo/SP 03306-010"]
[Date "2024.01.30"]
[Round "2"]
[Board "26"]
[White "Santiago, Mauro"]
[Black "Martins De Aguiar, Marina"]
[Result "0-1"]
[WhiteElo "1516"]
[BlackElo "1862"]
[PlyCount "0"]
[EventDate "2024.01.29"]
[EventRounds "9"]
[EventCountry "BRA"]

1. d4 Nf6 2. c4 g6 3. Nc3 Bg7 4. e4 d6 5. Bd3 O-O 6. f3 c5 7. d5 e6 8. Nge2 exd5
9. cxd5 a6 10. O-O b5 11. Be3 Nbd7 12. Qc1 Ne5 13. Bc2 Nc4 14. Bh6 Bxh6 15. Qxh6
Nxb2 16. Nf4 Nc4 17. Rfe1 Nd7 18. Nh5 gxh5 19. e5 f5 20. exf6 Nxf6 21. Re2 Ra7 22.
Rae1 Ne5 23. Ne4 Nxe4 24. Bxe4 Rg7 25. f4 Ng4 26. Qxh5 Nf6 27. Qh6 Bg4 28. Re3 Nxe4
29. Rxe4 Rg6  0-1

[Event "Sampa Chess Open - Local Piso Superior (ao lado da Renner) às 19h00"]
[Site "Shopping Metrô Tatuapé - Rua Domingos Agostim, 91, São Paulo/SP 03306-010"]
[Date "2024.01.30"]
[Round "2"]
[Board "27"]
[White "Nicacio, Daniel Ramos"]
[Black "Deus Filho, Joaquim De"]
[Result "0-1"]
[WhiteElo "1479"]
[BlackElo "1848"]
[PlyCount "0"]
[EventDate "2024.01.29"]
[EventRounds "9"]
[EventCountry "BRA"]

1. e4 Nc6 2. f4 d5 3. exd5 Qxd5 4. Nc3 Qa5 5. Nf3 Bg4 6. Bb5 O-O-O 7. Bxc6 bxc6 8.
d3 e6 9. Be3 Nf6 10. h3 Bxf3 11. Qxf3 Nd5 12. O-O Nxe3 13. Rfe1  0-1

[Event "Sampa Chess Open - Local Piso Superior (ao lado da Renner) às 19h00"]
[Site "Shopping Metrô Tatuapé - Rua Domingos Agostim, 91, São Paulo/SP 03306-010"]
[Date "2024.01.30"]
[Round "2"]
[Board "28"]
[White "Pironti, Francisco Ferrari"]
[Black "Brujin, Homero"]
[Result "1-0"]
[WhiteElo "1953"]
[BlackElo "1479"]
[PlyCount "0"]
[EventDate "2024.01.29"]
[EventRounds "9"]
[EventCountry "BRA"]

1. e4 c5 2. Nf3 e6 3. b3 d6 4. Bb2 Nf6 5. Nc3 Be7 6. d4 cxd4 7. Nxd4 O-O 8. Be2 Nbd7
9. O-O a6 10. Kh1 Qc7 11. a4 b6 12. f4 Bb7 13. Bf3 Rad8 14. Qe2 Rfe8 15. e5 Bxf3
16. Nxf3 dxe5 17. fxe5 Ng4 18. Qxa6 Bb4 19. Na2 Qxc2 20. Nxb4 Qxb2 21. Nc6 Ra8 22.
Qb7 Ne3 23. Rg1 Nf8 24. Qxb6 Nd5 25. Qb5 Ng6 26. Rab1 Qf2 27. Rgf1 Qe3 28. Rbe1 Qc3
29. Ng5 Ngf4 30. Ne4 Qc2 31. Rf2 Qd3 32. Nd6 Qxb5 33. axb5 Nd3 34. Nxe8 Nxf2+ 35.
Kg1 Nd3 36. Rd1 Nxe5 37. Nd6 Ng4 38. Nc4 Nc3 39. b6 Nxd1 40. b7 Rf8 41. Ne7+ Kh8
42. Nc8  1-0

[Event "Sampa Chess Open - Local Piso Superior (ao lado da Renner) às 19h00"]
[Site "Shopping Metrô Tatuapé - Rua Domingos Agostim, 91, São Paulo/SP 03306-010"]
[Date "2024.01.30"]
[Round "2"]
[Board "29"]
[White "Regiani, Rafael"]
[Black "Sanches De Carvalho, Fabio"]
[Result "0-1"]
[WhiteElo "1476"]
[BlackElo "1838"]
[PlyCount "0"]
[EventDate "2024.01.29"]
[EventRounds "9"]
[EventCountry "BRA"]

1. e4 c5 2. Nf3 Nc6 3. d4 cxd4 4. Nxd4 d6 5. Bc4 Nf6 6. Nc3 a6 7. Nxc6 bxc6 8. O-O
e6 9. f4 Be7 10. e5 Nd5 11. Nxd5 cxd5 12. Bd3 Qb6+ 13. Kh1 g6 14. b3 Bf8 15. Ba3
Bd7 16. c4 dxc4 17. Bxc4 d5 18. Bxf8 Kxf8 19. Bd3 Bb5 20. a4 Bc6 21. Rc1 Kg7 22.
Rf3 Rhc8 23. h4 h5 24. Rg3 Qf2 25. Qf3 Qxf3 26. Rxf3 d4 27. Rg3 Bxg2+ 28. Kxg2 Rxc1
29. f5 exf5 30. Bxf5 Kf8 31. Bd3 Rac8 32. e6 R8c6 33. exf7 Kxf7 34. Bc4+ Kg7 35.
Rd3 Rd6 36. Rf3 Rc2+ 37. Kf1 Rf6 38. Rxf6 Kxf6 39. Bxa6 Rb2 40. Bc4 g5 41. hxg5+
Kxg5 42. a5 Kf4 43. a6 Kf3 44. Bd5+ Ke3 45. a7 Rf2+ 46. Kg1 Ra2 47. a8=Q Rxa8 48.
Bxa8 d3 49. Kg2 h4 50. Bf3 h3+  0-1

[Event "Sampa Chess Open - Local Piso Superior (ao lado da Renner) às 19h00"]
[Site "Shopping Metrô Tatuapé - Rua Domingos Agostim, 91, São Paulo/SP 03306-010"]
[Date "2024.01.30"]
[Round "2"]
[Board "30"]
[White "Ikejiri, Daniel Yoshito"]
[Black "Usui, Gabriella Yumi"]
[Result "1-0"]
[WhiteElo "1916"]
[BlackElo "1448"]
[PlyCount "0"]
[EventDate "2024.01.29"]
[EventRounds "9"]
[EventCountry "BRA"]

1. e4 c5 2. Nf3 d6 3. d4 cxd4 4. Nxd4 Nf6 5. Nc3 a6 6. Be3 e5 7. Nb3 Be6 8. f3 Be7
9. Qd2 Nbd7 10. O-O-O h5 11. h3 b5 12. Kb1 Nb6 13. Na5 Qc7 14. Bxb6 Qxb6 15. Nd5
Nxd5 16. exd5 Bf5 17. Nc6 Bd8 18. Bd3 Bd7 19. Rhe1 O-O 20. g4 Bh4 21. Re2 Bxc6 22.
dxc6 Bg3 23. Qg5 h4 24. Be4 Rad8 25. c3 Qc7 26. Qf5 g6 27. Qf6 Rfe8 28. Bd5 Qe7 29.
Qxg6+ Kh8 30. Bxf7  1-0

[Event "Sampa Chess Open - Local Piso Superior (ao lado da Renner) às 19h00"]
[Site "Shopping Metrô Tatuapé - Rua Domingos Agostim, 91, São Paulo/SP 03306-010"]
[Date "2024.01.30"]
[Round "2"]
[Board "31"]
[White "Ruvieri, Daniel Minami"]
[Black "Hirota Da Silva, Nilton"]
[Result "1/2-1/2"]
[WhiteElo "1437"]
[BlackElo "1827"]
[PlyCount "0"]
[EventDate "2024.01.29"]
[EventRounds "9"]
[EventCountry "BRA"]

1. e4 d5 2. exd5 Qxd5 3. Nc3 Qd8 4. Nf3 Nf6 5. d4 c6 6. Bc4 e6 7. Bg5 Be7 8. O-O
O-O 9. Qe2 Nbd7 10. Rad1 Nb6 11. Bb3 Nbd5 12. Ne4 Nxe4 13. Bxe7 Qxe7 14. Qxe4 Qf6
15. Ne5 Rd8 16. Rd3 Qf5 17. Qh4 Qf6 18. Qe4 Qf5 19. Qh4 Qf6 20. Qe4  1/2-1/2

[Event "Sampa Chess Open - Local Piso Superior (ao lado da Renner) às 19h00"]
[Site "Shopping Metrô Tatuapé - Rua Domingos Agostim, 91, São Paulo/SP 03306-010"]
[Date "2024.01.30"]
[Round "2"]
[Board "32"]
[White "Santana, Expedito"]
[Black "Lima, Hamilton Da Silva"]
[Result "0-1"]
[WhiteElo "1408"]
[BlackElo "1778"]
[PlyCount "0"]
[EventDate "2024.01.29"]
[EventRounds "9"]
[EventCountry "BRA"]

1. d4 Nf6 2. Bf4 d5 3. e3 e6 4. Nf3 Nbd7 5. Nbd2 Be7 6. Bd3 c5 7. c3 Nh5 8. Bg3 Nxg3
9. fxg3 Qc7 10. O-O e5 11. dxe5 Nxe5 12. Nxe5 Qxe5 13. Bb5+ Bd7 14. Bxd7+ Kxd7 15.
Qa4+ Kc7 16. Qf4 Qxf4 17. gxf4 Rad8 18. Rad1 f5 19. Nf3 Bf6 20. Rd2 Rhe8 21. Kf2
g6 22. Rfd1 Kc6 23. g3 b5 24. h4 a5 25. a3 Re4 26. Ne1 b4 27. cxb4 axb4 28. axb4
Rxb4 29. Nd3 Rb7 30. Rc1 c4 31. Rdc2 Rdb8 32. Ne5+ Bxe5 33. fxe5 Re8 34. Kf3 Rxe5
35. Kf4 Re4+ 36. Kf3 Rb3 37. Rc3 Rb7  0-1

[Event "Sampa Chess Open - Local Piso Superior (ao lado da Renner) às 19h00"]
[Site "Shopping Metrô Tatuapé - Rua Domingos Agostim, 91, São Paulo/SP 03306-010"]
[Date "2024.01.30"]
[Round "2"]
[Board "33"]
[White "Santos, Abel Cardoso Dos"]
[Black "Bomeisel, Pedro Rangel"]
[Result "1-0"]
[WhiteElo "1854"]
[BlackElo "1385"]
[PlyCount "0"]
[EventDate "2024.01.29"]
[EventRounds "9"]
[EventCountry "BRA"]

1. e4 c6 2. d4 d5 3. Nc3 dxe4 4. Nxe4 Bf5 5. Ng3 Bg6 6. h4 h6 7. Nf3 Nd7 8. h5 Bh7
9. Bd3 Bxd3 10. Qxd3 e6 11. Bd2 Ngf6 12. O-O-O Bd6 13. Ne4 Nxe4 14. Qxe4 Nf6 15.
Qe2 Qc7 16. Kb1 O-O-O 17. c4 c5 18. Bc3 cxd4 19. Nxd4 Bc5 20. Nb3 e5 21. Bxe5 Rde8
22. f4 Bd6 23. Rhe1 Bxe5 24. fxe5 Nd7 25. Qg4 Rhg8 26. Rd5 b6 27. c5 Qc6 28. Red1
 1-0

[Event "Sampa Chess Open - Local Piso Superior (ao lado da Renner) às 19h00"]
[Site "Shopping Metrô Tatuapé - Rua Domingos Agostim, 91, São Paulo/SP 03306-010"]
[Date "2024.01.30"]
[Round "2"]
[Board "34"]
[White "Da Cunha, Gabriela Goes"]
[Black "Barroso, Daniele Silva"]
[Result "1/2-1/2"]
[WhiteElo "1837"]
[BlackElo "1349"]
[PlyCount "0"]
[EventDate "2024.01.29"]
[EventRounds "9"]
[EventCountry "BRA"]

1. d4 d5 2. c4 e6 3. cxd5 exd5 4. Nc3 c6 5. Nf3 h6 6. Bf4 Nf6 7. e3 Bd6 8. Bxd6 Qxd6
9. Bd3 O-O 10. Qc2 b5 11. O-O a5 12. Rac1 Ba6 13. Ne5 b4 14. Na4 Bxd3 15. Qxd3 Nfd7
16. Nxd7 Nxd7 17. Nc5 Nb6 18. b3 Rfc8 19. Rc2 Rc7 20. Rfc1 Nd7 21. h3 Nf6 22. e4
dxe4 23. Nxe4 Nxe4 24. Qxe4 Rd8 25. Rxc6 Rxc6 26. Rxc6 Qxd4 27. Qxd4 Rxd4 28. Rc5
Rd1+ 29. Kh2 Rd2 30. Rxa5 Rxf2 31. Ra4 Kf8 32. Kg3 Rc2 33. Rxb4 Rxa2 34. Rb7 g5 35.
b4  1/2-1/2

[Event "Sampa Chess Open - Local Piso Superior (ao lado da Renner) às 19h00"]
[Site "Shopping Metrô Tatuapé - Rua Domingos Agostim, 91, São Paulo/SP 03306-010"]
[Date "2024.01.30"]
[Round "2"]
[Board "38"]
[White "Goncalves, Ricardo Henrique Silva"]
[Black "Silva, Juliana Figueira Theophilo"]
[Result "0-1"]
[WhiteElo "1800"]
[BlackElo "1747"]
[PlyCount "0"]
[EventDate "2024.01.29"]
[EventRounds "9"]
[EventCountry "BRA"]

1. e4 c5 2. Nf3 d6 3. d4 cxd4 4. Nxd4 Nf6 5. Nc3 a6 6. g3 e5 7. Nde2 Be7 8. Bg2 Be6
9. O-O Qd7 10. Bg5 O-O 11. Bxf6 Bxf6 12. Nd5 Bxd5 13. Qxd5 Nc6 14. c3 b5 15. Rad1
Rfd8 16. Rd2 Na5 17. b3 Nb7 18. Rfd1 Rac8 19. h3 g6 20. b4 Rc4 21. f4 Qc8 22. Kh1
Rc7 23. Rd3 exf4 24. gxf4 Re8 25. Rg3 Bg7 26. Qb3 Rc4 27. Nd4 Nd8 28. Bf1 Rc7 29.
Nf3 Rc6 30. Nd4 Rc7 31. Rgd3 Bh6 32. Ne2 Ne6 33. Rf3 Rc4 34. Re3 Qb7 35. Ng3 Rc7
36. Ne2 Ng7 37. Qc2 Nh5 38. Bg2 Rc4 39. Rf1 Qe7 40. Qd3 f5 41. e5 Nxf4 42. Nxf4 Rxf4
43. Bd5+ Kh8 44. Rxf4 Bxf4 45. Rf3 dxe5 46. Rf1 Bh6 47. a4 e4 48. Qe2 Qd6 49. Bb3
Qd3 50. Qh2 Qxf1+  0-1

[Event "Sampa Chess Open - Local Piso Superior (ao lado da Renner) às 19h00"]
[Site "Shopping Metrô Tatuapé - Rua Domingos Agostim, 91, São Paulo/SP 03306-010"]
[Date "2024.01.30"]
[Round "2"]
[Board "40"]
[White "Matsuura, Everaldo"]
[Black "Gazineu Neto, Rubens"]
[Result "1-0"]
[WhiteElo "2410"]
[BlackElo "1912"]
[PlyCount "0"]
[EventDate "2024.01.29"]
[EventRounds "9"]
[EventCountry "BRA"]

1. e4 c5 2. Nf3 Nc6 3. c3 d5 4. exd5 Qxd5 5. d4 Nf6 6. Be2 e6 7. O-O Be7 8. Be3 Ng4
9. Bf4 O-O 10. c4 Qf5 11. Bc7 cxd4 12. Nxd4 Nxd4 13. Qxd4 e5 14. Qxg4 Qxg4 15. Bxg4
Bxg4 16. Bxe5 Rfe8 17. Nc3 Ba3 18. Nb5 Rxe5 19. Nxa3 Re2 20. f3 Bf5 21. Rf2 Rae8
22. Nb5 Re1+ 23. Rf1 Rxa1 24. Rxa1 Re2 25. Nd4  1-0

[Event "Sampa Chess Open - Local Piso Superior (ao lado da Renner) às 19h00"]
[Site "Shopping Metrô Tatuapé - Rua Domingos Agostim, 91, São Paulo/SP 03306-010"]
[Date "2024.01.30"]
[Round "2"]
[Board "41"]
[White "Santos, Marcus Vinicius Moreira"]
[Black "Jorge, Denrick Cabral Jose"]
[Result "1-0"]
[WhiteElo "2331"]
[BlackElo "1874"]
[PlyCount "0"]
[EventDate "2024.01.29"]
[EventRounds "9"]
[EventCountry "BRA"]

1. e4 c5 2. Nc3 Nc6 3. Bb5 Nd4 4. Nf3 Nxb5 5. Nxb5 d5 6. exd5 a6 7. Nc3 Nf6 8. d4
Nxd5 9. dxc5 Nxc3 10. Qxd8+ Kxd8 11. bxc3 f6 12. Be3 e5 13. Nd2 Be6 14. Ne4 Kc7 15.
O-O f5 16. Nd6 b6 17. f4 e4 18. Rfb1 bxc5 19. Nb7 Rb8 20. Nxc5 Bxc5 21. Bxc5 Rxb1+
22. Rxb1 Bxa2 23. Ra1 Bc4 24. Bd4 Kc6 25. Ra5 Kb7 26. Rxf5 Ra8 27. Ra5 Rf8 28. g3
g6 29. Kf2 Rf5 30. Be5 Kb6 31. Ra1 Rf8 32. Bd4+ Kc6 33. Ke3 Ra8 34. Ra5 Kb7 35. g4
Bb5 36. f5 gxf5 37. gxf5 Rg8 38. Ra1 Rg2 39. f6 Bc4 40. Kxe4 Rxh2 41. Rg1 h5 42.
Rg7+ Kc6 43. f7 Bd5+ 44. Kf5 Bxf7 45. Rxf7 Rxc2 46. Ke4 h4 47. Rf6+ Kb5 48. Rb6+
Ka5 49. Rb4 Re2+ 50. Kd5 Rd2  1-0

[Event "Sampa Chess Open - Local Piso Superior (ao lado da Renner) às 19h00"]
[Site "Shopping Metrô Tatuapé - Rua Domingos Agostim, 91, São Paulo/SP 03306-010"]
[Date "2024.01.30"]
[Round "2"]
[Board "42"]
[White "Leon Lopes, Sergio Amadeus"]
[Black "Melian, Juan Sebastian"]
[Result "0-1"]
[WhiteElo "1858"]
[BlackElo "2238"]
[PlyCount "0"]
[EventDate "2024.01.29"]
[EventRounds "9"]
[EventCountry "BRA"]

1. e4 c5 2. Nf3 e6 3. d3 Nc6 4. g3 d5 5. Nbd2 g6 6. Bg2 Bg7 7. O-O Nge7 8. Re1 O-O
9. c3 b6 10. Qc2 a5 11. a4 Ba6 12. Bf1 Qc7 13. Nh4 g5 14. Ng2 Ng6 15. exd5 exd5 16.
Ne3 Nge7 17. Nf3 h6 18. h4 f6 19. Bh3 Rad8 20. Nf5 Nxf5 21. Bxf5 Bc8 22. d4 Bxf5
23. Qxf5 Qd7 24. Qxd7 Rxd7 25. Re6 Rc8 26. g4 Kf7 27. Re2 cxd4 28. Nxd4 Nxd4 29.
cxd4 Rdc7 30. Be3 Bf8 31. hxg5 hxg5 32. Kg2 Bd6 33. Rh1 Rc2 34. Rxc2 Rxc2 35. Rb1
Kg6 36. Kf3 Kf7 37. b3 Ke6 38. Rc1 Rb2 39. Rc3 Kd7 40. Rd3 Bb4 41. Kg3 Kc6 42. f4
gxf4+ 43. Bxf4 b5 44. axb5+ Kxb5 45. g5 fxg5 46. Bxg5 Rc2 47. Kf3 Bc3 48. Be7 a4
49. bxa4+ Kc4 50. Rxc3+ Kxc3  0-1

[Event "Sampa Chess Open - Local Piso Superior (ao lado da Renner) às 19h00"]
[Site "Shopping Metrô Tatuapé - Rua Domingos Agostim, 91, São Paulo/SP 03306-010"]
[Date "2024.01.30"]
[Round "2"]
[Board "43"]
[White "De Paula, Luan Araujo"]
[Black "Terao, Juliana Sayumi"]
[Result "0-1"]
[WhiteElo "1863"]
[BlackElo "2198"]
[PlyCount "0"]
[EventDate "2024.01.29"]
[EventRounds "9"]
[EventCountry "BRA"]

1. e4 c5 2. Nf3 e6 3. d4 cxd4 4. Nxd4 a6 5. c4 Nf6 6. Nc3 Qc7 7. a3 b6 8. Be2 Bb7
9. f3 Nc6 10. Be3 Ne5 11. Rc1 h5 12. Qd2 Rc8 13. O-O Be7 14. h3 h4 15. f4 Ng6 16.
Bf3 Qb8 17. e5 Nh5 18. Bxh5 Rxh5 19. Rce1 Rh8 20. f5 Nxe5 21. fxe6 dxe6 22. Bf4 Nxc4
23. Qe2 e5 24. Bxe5 Qxe5 25. Qxe5 Nxe5 26. Rxe5 f6 27. Re2 Kf7 28. Nf3 Bc5+ 29. Kh1
Rhe8 30. Rxe8 Kxe8 31. Nxh4 Bxa3 32. Nf5 Bf8 33. h4 b5 34. h5 b4 35. Ne2 Rc2 36.
Nf4 Rxb2 37. Re1+ Kf7 38. Rc1 Be4 39. Rc7+ Kg8 40. Ne7+ Bxe7 41. Rxe7 Bc6 42. Rc7
Rc2 43. h6 Bxg2+  0-1

[Event "Sampa Chess Open - Local Piso Superior (ao lado da Renner) às 19h00"]
[Site "Shopping Metrô Tatuapé - Rua Domingos Agostim, 91, São Paulo/SP 03306-010"]
[Date "2024.01.30"]
[Round "2"]
[Board "45"]
[White "Bianchini, Marlon"]
[Black "Bonilla Viamonte, Diego Armando"]
[Result "1-0"]
[WhiteElo "1255"]
[BlackElo "1620"]
[PlyCount "0"]
[EventDate "2024.01.29"]
[EventRounds "9"]
[EventCountry "BRA"]

1. e4 c6 2. d4 d5 3. exd5 cxd5 4. Bd3 Nc6 5. c3 Qc7 6. h3 h6 7. Nf3 Nf6 8. O-O Be6
9. Be3 g5 10. Nbd2 Rg8 11. c4 g4 12. hxg4 Nxg4 13. Re1 Nxe3 14. Rxe3 Bh3 15. Nh4
Bg4 16. Nhf3 O-O-O 17. cxd5 Rxd5 18. Bc4 Rdg5 19. Bxf7 Bxf3 20. Qxf3 Rxg2+ 21. Qxg2
Rxg2+ 22. Kxg2 Nxd4 23. Nb3 Qc6+ 24. Kg1 Nf3+ 25. Kf1 Qb5+ 26. Kg2 Nh4+ 27. Kh2 Kb8
28. Rd1 Qb6 29. Kg1 e5 30. Red3 Be7 31. Rd7 Nf5 32. Bd5 Bh4 33. Rxb7+ Qxb7 34. Bxb7
Kxb7 35. Rd5 Bf6 36. Nd2 Kc6 37. Ra5 Kb6 38. Nc4+ Kb7 39. Nxe5 Nd4 40. Ng4 Bg7 41.
Rd5 Kc6 42. Rh5 Ne2+ 43. Kf1 Nf4 44. Ra5 Kb6 45. Ra3 h5 46. Ra4 Nd3 47. Ne3 Bh6 48.
Rd4  1-0

[Event "Sampa Chess Open - Local Piso Superior (ao lado da Renner) às 19h00"]
[Site "Shopping Metrô Tatuapé - Rua Domingos Agostim, 91, São Paulo/SP 03306-010"]
[Date "2024.01.30"]
[Round "2"]
[Board "47"]
[White "Dos Santos, Rafaela Alves"]
[Black "Damasio, Fabio Ferreira"]
[Result "0-1"]
[WhiteElo "1800"]
[BlackElo "1296"]
[PlyCount "0"]
[EventDate "2024.01.29"]
[EventRounds "9"]
[EventCountry "BRA"]

1. e4 Nc6 2. Nf3 e6 3. d4 d5 4. exd5 exd5 5. Be2 Nf6 6. O-O Be7 7. Re1 O-O 8. c3
Bf5 9. Bf4 Re8 10. Nbd2 Qd7 11. Bb5 Ne4 12. Ne5 Qd6 13. Nxe4 dxe4 14. g3 Qf6 15.
h4 Red8 16. Bg5 Qe6 17. Nxc6 Bxg5 18. Nxd8 Bxd8 19. d5 Qd6 20. Qe2 a6 21. Bd3 exd3
22. Qf3 g6 23. Re8+ Kg7 24. Rae1 Bd7 25. R8e3 Bf6 26. Rxd3 Re8 27. Rc1 Bf5 28. Rd2
h5 29. b3 Bg4 30. Qg2 g5 31. Rcc2 Re1+ 32. Kh2 gxh4 33. f3 hxg3+ 34. Qxg3 Be5  0-1

[Event "Sampa Chess Open - Local Piso Superior (ao lado da Renner) às 19h00"]
[Site "Shopping Metrô Tatuapé - Rua Domingos Agostim, 91, São Paulo/SP 03306-010"]
[Date "2024.01.30"]
[Round "2"]
[Board "49"]
[White "Jenidarchiche, Douglas Rodrigo"]
[Black "Oliveira, Silvio Eduardo"]
[Result "0-1"]
[WhiteElo "1845"]
[BlackElo "2297"]
[PlyCount "0"]
[EventDate "2024.01.29"]
[EventRounds "9"]
[EventCountry "BRA"]

1. e4 e5 2. Nf3 Nc6 3. Nc3 Nf6 4. d4 exd4 5. Nxd4 Bb4 6. Nxc6 bxc6 7. Bd3 d5 8. exd5
O-O 9. O-O Bg4 10. Be2 Bxe2 11. Nxe2 Re8 12. Bg5 Bd6 13. Nc3 h6 14. Bh4 g5 15. Bg3
cxd5 16. Qf3 Rb8 17. b3 Rb6 18. Rad1 Bxg3 19. fxg3 Re5 20. Na4 Rd6 21. Rf2 Qe7 22.
Rdf1 Rde6 23. Qd3 Ng4 24. Rf3 Re1 25. Qxd5 Rxf1+ 26. Rxf1 Ne3 27. Qa8+ Kg7 28. Re1
c6 29. h3 Qb4 30. Re2 Qd4 31. Rxe3 Rxe3 32. Kh2 Qe5  0-1